My first book of : words and pictures

Bibliographic Details
Format: Book
Published: England : Brown Watson
Subjects:

MARC

LEADER 00000cam a2200000 7i4500
001 0000004929
005 20220105104007.0
008 070731
020 |a 0709713835 
090 0 0 |a JP   |b EL ENG (4364) 
245 0 0 |a My first book of :   |b words and pictures 
260 |a England :   |b Brown Watson 
500 |a Children age 4-6 years old (yellow) 
650 0 |a Early learning 
650 0 |a Junior preschool   |x English   |x Languages 
999 |a 0000976105   |b Book   |c Children Collection   |e Perbadanan Perpustakaan Awam Johor 
999 |a 0000976106   |b Book   |c Children Collection   |e Perbadanan Perpustakaan Awam Johor